00884nam a2200217 a 450000100100000000500170001000800410002704000250006808200190009310000190011224500780013126000390020930000200024849000380026850000510030665000560035765000330041365000830044671000990052983000380062800000221820200929150155.0090701s1998 dr 000 0 spa d aDO-SdBNPbspacBNPHU a303.483bS257p1 aSaunders, John10aPolítica de ciencia y tecnología para el desarrollo /cJohn Saunders. aSanto Domingo :bDupligraf,c1998. a56 p. ;c21 cm.1 aConversatorios de la reforma ;v6 aConversatorio realizado el 20 de mayo de 1998. 4aCiencia y tecnologíaxEnsayos, conferencias, etc. 4aInvestigación y desarrollo 4aReformas constitucionaleszRepública DominicanaxEnsayos, conferencias, etc.12aRepública Dominicana.bComisión Presidencial para la Reforma y Modernización del Estado. 0aConversatorios de la reforma ;n6